000
00304nam a22001337a 4500
008
181203b xxu||||| |||| 00| 0 eng d
020
_a
9780323048262
041
_a
eng
080
_2
8th
_a
610.73
100
_a
2
101
_a
INF
245
_a
Nursing Diagnosis Handbook
_c
Ackley,B.J
942
_2
udc
_c
BK
999
_c
52744
_d
52744